Catálogo
 En Linea

Los Comunistas y la Religión / (Registro nro. 42319)

Detalles MARC
000 -CABECERA
campo de control de longitud fija 00711nam a2200217 a 4500
001 - NÚMERO DE CONTROL
campo de control 000042830
005 - FECHA Y HORA DE LA ÚLTIMA TRANSACCIÓN
campo de control 20201002040429.0
008 - DATOS DE LONGITUD FIJA--INFORMACIÓN GENERAL
campo de control de longitud fija 140210s1968 sp 000 0 spa d
040 ## - FUENTE DE LA CATALOGACIÓN
Centro catalogador/agencia de origen DO-SdBNP
Lengua de catalogación spa
Centro/agencia transcriptor BNPHU
100 1# - ENTRADA PRINCIPAL--NOMBRE DE PERSONA
Nombre de persona Fabbri, Luigi
9 (RLIN) 70197
240 10 - TÍTULO UNIFORME
Título uniforme I comunisti e la religione
245 14 - MENCIÓN DE TÍTULO
Título Los Comunistas y la Religión /
Mención de responsabilidad, etc. Luigi Fabbri ; traducción Antonio Álvarez.
260 ## - PUBLICACIÓN, DISTRIBUCIÓN, ETC.
Lugar de publicación, distribución, etc. Madrid :
Nombre del editor, distribuidor, etc. Edicusa,
Fecha de publicación, distribución, etc. 1968.
300 ## - DESCRIPCIÓN FÍSICA
Extensión 216 p., ;
Dimensiones 16 cm.
490 1# - MENCIÓN DE SERIE
Mención de serie Cuaderno pala el diálogo
Designación de volumen o secuencia 1
490 1# - MENCIÓN DE SERIE
Mención de serie Religión y mundo
504 ## - NOTA DE BIBLIOGRAFÍA, ETC.
Nota de bibliografía, etc. Bibliografía : p. 213-216
700 1# - PUNTO DE ACCESO ADICIONAL--NOMBRE DE PERSONA
Nombre de persona Álvarez, Antonio,
Término indicativo de función/relación tr.
9 (RLIN) 70198
830 #0 - PUNTO DE ACCESO ADICIONAL DE SERIE-TÍTULO UNIFORME
Título uniforme Cuaderno pala el diálogo
Designación de volumen o secuencia 1
9 (RLIN) 70199
830 #0 - PUNTO DE ACCESO ADICIONAL DE SERIE-TÍTULO UNIFORME
Título uniforme Religión y mundo
Designación de volumen o secuencia 1
9 (RLIN) 70200
Existencias
Estado de retiro Estado de pérdida Restricciones de uso No para préstamo Código de colección Localización permanente Ubicación/localización actual Ubicación en estantería Fecha de adquisición Número de inventario Total de préstamos Signatura topográfica completa Código de barras Fecha visto por última vez Precio válido a partir de Tipo de ítem Koha
      Excluido de préstamo Monografías: Libros y Folletos General General En catalogación 10.02.2014 LF1   42830-10 25.06.2020 25.06.2020 No se presta

Con tecnología Koha